| 000 | 00550nam a22001817a 4500 | ||
|---|---|---|---|
| 005 | 20240110074339.0 | ||
| 008 | 240110b |||||||| |||| 00| 0 eng d | ||
| 020 | _a409033200 | ||
| 041 | _aEnglish | ||
| 082 | _a347.6 HOF | ||
| 100 |
_aHoffmann, LH _lEnglish |
||
| 245 |
_aThe South African Law of Evidence / _cLH Hoffmann |
||
| 250 | _aSecond Edition | ||
| 260 |
_aDurban : _bButterworth and Company Ltd, _c1970 |
||
| 300 |
_blxvi, 461 pages ; _c26 cm. |
||
| 650 |
_aLegal practice _bLaw |
||
| 942 |
_cBK _6ALISON_BN_VRIES |
||
| 999 |
_c1211 _d1211 |
||